000 00545nam a22001817a 4500
005 20251108164247.0
008 250721s1996 xx 000 0 ara d
082 1 4 _a324.2564/حرو
100 1 _aالحروب، خالد
245 1 0 _aحماس :
_bالفكر و الممارسة السياسية /
264 1 _aبيروت :
_bمؤسسة الدراسات الفلسطينية،
_c1996.
300 _a368ص
650 1 7 _aحماس
650 1 7 _aفلسطين
650 1 7 _aالإخوان المسلمون
942 _2ddc
_cBK
999 _c7743
_d7743